| 000 | 00453 a2200157 4500 | ||
|---|---|---|---|
| 999 |
_c7550 _d7550 |
||
| 020 | _a9781485109518 | ||
| 050 | _aKTL640 VAN 2020 | ||
| 100 |
_aVan Der Walt _eauthor |
||
| 245 |
_aLaw of property casebook for students : _bSakereg Vonnisbundel vir Studente / _cAJ Van der Walt |
||
| 250 | _a8th ed | ||
| 264 |
_aClaremont : _bJUTA, _c2020 |
||
| 300 | _a515p. | ||
| 500 | _aIncludes index | ||
| 650 | _aProperty law | ||
| 942 |
_2lcc _cBK _e8th _h640 _iVAN _kKTL |
||